000
00358nam a2200133Ia 4500
008
151001s9999||||xx |||||||||||||| ||und||
100
_a
ना ल मोरे
245
_a
पातिव्रताचाझेंडा
250
_a
1
260
_b
सौ प्रतिभा ना मोरे
260
_c
1955
300
_a
73
365
_b
7.5
999
_c
950412
_d
950409